Clinical finals and how to pass them: OSCEs, short cases and long cases. (2nd ed.) (Record no. 31011)

MARC details
000 -LEADER
fixed length control field 00729nam a2200181 a 4500
008 - FIXED-LENGTH DATA ELEMENTS--GENERAL INFORMATION
fixed length control field 120228s2004 ||||||||||||||||| || u
020 ## - INTERNATIONAL STANDARD BOOK NUMBER
International Standard Book Number 9780443073595
050 ## - LIBRARY OF CONGRESS CALL NUMBER
Classification number RC 71 Cli
100 ## - MAIN ENTRY--PERSONAL NAME
Personal name Turner, Tom
245 10 - TITLE STATEMENT
Title Clinical finals and how to pass them: OSCEs, short cases and long cases. (2nd ed.)
Statement of responsibility, etc. by Kevin P. Hanretty; [and others]
260 ## - PUBLICATION, DISTRIBUTION, ETC.
Place of publication, distribution, etc. Oxford:
Name of publisher, distributor, etc. Elsevier
Date of publication, distribution, etc. 2004
300 ## - PHYSICAL DESCRIPTION
Extent xviii, 337p.: ill.
350 ## -
-- 0.00
650 ## - SUBJECT ADDED ENTRY--TOPICAL TERM
Topical term or geographic name entry element DIAGNOSIS--EXAMINATION QUESTIONS, ETC
700 ## - ADDED ENTRY--PERSONAL NAME
Personal name Hanretty, Kevin P
700 ## - ADDED ENTRY--PERSONAL NAME
Personal name McGregor, John R
995 ## -
-- MEDICAL LIBRARY OPEN ACCESS
-- 901777
-- CBU-SCHOOL OF MEDICINE LIBRARY (Ndola)
-- 0.00
-- RC 71 Cli
-- 1
-- AVAILABLE
-- Jul 19, 2012
-- 901777
-- Medical Library Open Access Collection
999 ## -
-- 31011
-- 31011
Holdings
Withdrawn status Lost status Source of classification or shelving scheme Damaged status Not for loan Permanent Location Current Location Shelving location Date acquired Total Checkouts Full call number Barcode Date last seen Price effective from Koha item type
          CBU-SCHOOL OF MEDICINE LIBRARY, NDOLA. CBU-SCHOOL OF MEDICINE LIBRARY, NDOLA.   11/30/2022   RC 71 Cli 901777 11/30/2022 11/30/2022 MONOGRAPH